| 000 | 00432nam a22001697a 4500 | ||
|---|---|---|---|
| 003 | NUST - PNEC | ||
| 005 | 20170116181028.0 | ||
| 008 | 150918b xxu||||| |||| 00| 0 eng d | ||
| 020 | _a0408001690 | ||
| 040 | _cLIBRARY | ||
| 082 | _a621.81 MUS | ||
| 100 |
_910927 _aMuckle, W. |
||
| 245 |
_aNaval Architecture for marine engineers _cW. Muckle |
||
| 260 | _cc.1978 | ||
| 650 |
_910928 _aNaval Architecture _xMIS |
||
| 942 |
_2ddc _cBK |
||
| 999 |
_c67629 _d67629 |
||